| 000 | 01844cam a2200421 a 4500 | ||
|---|---|---|---|
| 001 | 1142808 | ||
| 003 | OST | ||
| 005 | 20141103093123.0 | ||
| 008 | 950322s1995 cau 001 0deng | ||
| 010 | _a 95014455 | ||
| 020 | _a1573240036 (trade paper) | ||
| 040 |
_aDLC _cDLC _dDLC |
||
| 042 | _alcac | ||
| 043 | _an-us--- | ||
| 050 | 0 | 0 |
_aZ 1037 _b.L921 1995 |
| 082 | 0 | 0 |
_aM 028.55 _b L95 1995 |
| 245 | 0 | 0 |
_aDear author : _bstudents write about the books that changed their lives / _ccollected by Weekly reader's Read magazine ; introduction by Lois Lowry. |
| 260 |
_aBerkeley, Calif. : _bConari Press, _cc1995. |
||
| 300 |
_axii, 186 p. ; _c18 cm. |
||
| 500 | _aIncludes index. | ||
| 520 | _aA collection of letters from students to an assortment of authors both past and present about the impact of their work on the lives of their readers. | ||
| 526 | _c0L to 1700L | ||
| 562 | _efor circulation. 1 copy available in the collection | ||
| 650 | 0 |
_aStudents _xBooks and reading _zUnited States. |
|
| 650 | 0 |
_aAuthors and readers _zUnited States _xCorrespondence. |
|
| 650 | 0 |
_aChildren's literature _xAppreciation _zUnited States. |
|
| 650 | 0 |
_aStudents _zUnited States _xCorrespondence. |
|
| 650 | 1 |
_aAuthors _xCorrespondence. |
|
| 650 | 1 |
_aStudents _xCorrespondence. |
|
| 650 | 1 | _aLetters. | |
| 650 | 1 | _aBooks and reading. | |
| 730 | 0 | _aRead (Middletown, Conn.) | |
| 856 | 4 | 1 |
_3Table of contents only _uhttp://www.loc.gov/catdir/toc/fy0705/95014455.html |
| 906 |
_a7 _bcbc _corignew _d1 _eocip _f19 _gy-gencatlg |
||
| 942 |
_2lcc _cBK |
||
| 999 |
_c15080 _d15080 |
||